[Event "FRM-chT2 GpA"]
[Site "Ohrid"]
[Date "2021.07.03"]
[Round "1.3"]
[White "Kostadinovski, Zoran"]
[Black "Alishani, Ibrahim"]
[Result "1-0"]
[WhiteElo "1893"]
[BlackElo "2109"]
[PlyCount "98"]
[EventDate "2021.07.03"]
[EventType "team-tourn"]
[EventRounds "5"]
[EventCountry "MKD"]
[SourceTitle "EXT 2022"]
[Source "ChessBase"]
[SourceDate "2021.10.06"]
[SourceVersion "1"]
[SourceVersionDate "2021.10.06"]
[SourceQuality "1"]
[WhiteTeam "Bitola Noemvri"]
[BlackTeam "Kumanovo Fisher"]
[WhiteTeamCountry "MKD"]
[BlackTeamCountry "MKD"]

1. d4 Nf6 2. c4 g6 3. Nc3 Bg7 4. e4 d6 5. h3 0-0 6. Nf3 a5 7. Be3 b6 8. Bd3 Bb7 9. 0-0 Nbd7 10. Re1 e5 11. d5 h6 12. Qd2 Kh7 13. Rad1 Re8 14. a3 Nf8 15. Nh2 g5 16. Be2 Ng6 17. Ng4 Nf4 18. Nxf6+ Qxf6 19. Bg4 Bc8 20. Bxc8 Raxc8 21. Kh2 Qg6 22. g3 Nh5 23. b4 axb4 24. axb4 Nf6 25. f3 Ra8 26. Ra1 Rec8 27. Qb2 Rxa1 28. Qxa1 h5 29. Qa6 Re8 30. Qb7 Re7 31. g4 Qh6 32. Kg2 Ne8 33. Bxb6 Bf8 34. Be3 Kg8 35. Qc8 f6 36. Rh1 Qg6 37. Nb5 Rh7 38. Bf2 Qf7 39. c5 Qe7 40. c6 Qf7 41. Nc3 Ng7 42. b5 Ne8 43. b6 cxb6 44. Bxb6 Qe7 45. Nb5 f5 46. gxf5 Ng7 47. c7 g4 48. Qd8 gxf3+ 49. Kxf3 Qe8 1-0

[Event "KOS-chT"]
[Site "Pristina"]
[Date "2019.05.03"]
[Round "5.2"]
[White "Alishani, Ibrahim"]
[Black "Hana, Arsim"]
[Result "1/2-1/2"]
[WhiteElo "2126"]
[BlackElo "2036"]
[PlyCount "83"]
[EventDate "2019.04.29"]
[EventType "team-tourn"]
[EventRounds "7"]
[EventCountry "KOS"]
[SourceTitle "CBM 190 Extra"]
[Source "ChessBase"]
[SourceDate "2019.07.15"]
[SourceVersion "1"]
[SourceVersionDate "2019.07.15"]
[SourceQuality "1"]
[WhiteTeam "Drejtesia"]
[BlackTeam "Vellaznimi"]
[WhiteTeamCountry "KOS"]
[BlackTeamCountry "KOS"]

1. d4 d5 2. Nf3 Nf6 3. Bg5 e6 4. e3 Be7 5. Bd3 Nbd7 6. c3 h6 7. Bh4 0-0 8. 0-0 c5 9. Nbd2 b6 10. Rc1 Bb7 11. Re1 Ne4 12. Bxe7 Qxe7 13. h3 Rfd8 14. Bb1 Rac8 15. a3 Qf6 16. Qc2 Qe7 17. Nf1 f5 18. Qe2 a6 19. Red1 c4 20. N3d2 Rf8 21. f3 Nxd2 22. Nxd2 e5 23. Re1 Rce8 24. Qf2 e4 25. f4 Nf6 26. Bc2 Bc6 27. Bd1 Bd7 28. Qh4 b5 29. Kh1 Nh7 30. Qxe7 Rxe7 31. Rg1 g5 32. g3 Rg7 33. Be2 Bc6 34. Kh2 Nf6 35. Rcf1 g4 36. hxg4 Nxg4+ 37. Bxg4 Rxg4 38. Kg2 Rf7 39. Kf2 Rfg7 40. Rg2 Be8 41. Rh1 h5 42. Nb1 1/2-1/2

[Event "KOS-chT"]
[Site "Pristina"]
[Date "2018.05.12"]
[Round "6.3"]
[White "Zenuni, Bashkim"]
[Black "Alishani, Ibrahim"]
[Result "1-0"]
[WhiteElo "2073"]
[BlackElo "2135"]
[PlyCount "65"]
[EventDate "2018.05.07"]
[EventType "team-tourn"]
[EventRounds "7"]
[EventCountry "KOS"]
[SourceTitle "EXT 2019"]
[Source "ChessBase"]
[SourceDate "2018.10.10"]
[SourceVersion "1"]
[SourceVersionDate "2018.10.10"]
[SourceQuality "1"]
[WhiteTeam "Theranda"]
[BlackTeam "Fushe Kosova"]
[WhiteTeamCountry "KOS"]
[BlackTeamCountry "KOS"]

1. e4 c5 2. Nf3 d6 3. d4 cxd4 4. Nxd4 Nf6 5. Nc3 a6 6. Be2 e6 7. g4 h6 8. h4 Qc7 9. Rg1 g6 10. Be3 b5 11. a3 Bb7 12. f3 Nfd7 13. Nb3 Nc6 14. Qd2 Nb6 15. 0-0-0 Rc8 16. f4 b4 17. axb4 Nxb4 18. Qd4 Na2+ 19. Kb1 Nxc3+ 20. bxc3 Nc4 21. Bxc4 Qxc4 22. Qxh8 Bxe4 23. Kb2 e5 24. Bd2 Rb8 25. Rb1 a5 26. Kc1 a4 27. Re1 axb3 28. fxe5 Kd7 29. Rxb3 Rxb3 30. cxb3 Qd3 31. Rxe4 Qxe4 32. Qxf8 dxe5 33. Qxf7+ 1-0

[Event "KOS-chT"]
[Site "Pristina"]
[Date "2018.05.11"]
[Round "5.3"]
[White "Alishani, Ibrahim"]
[Black "Qorri, Fatmir"]
[Result "1-0"]
[WhiteElo "2135"]
[BlackElo "2010"]
[PlyCount "71"]
[EventDate "2018.05.07"]
[EventType "team-tourn"]
[EventRounds "7"]
[EventCountry "KOS"]
[SourceTitle "EXT 2019"]
[Source "ChessBase"]
[SourceDate "2018.10.10"]
[SourceVersion "1"]
[SourceVersionDate "2018.10.10"]
[SourceQuality "1"]
[WhiteTeam "Fushe Kosova"]
[BlackTeam "Drenasi"]
[WhiteTeamCountry "KOS"]
[BlackTeamCountry "KOS"]

1. e4 e5 2. Nf3 Nc6 3. Bb5 Bc5 4. c3 Qe7 5. 0-0 a6 6. Ba4 Nf6 7. d4 Ba7 8. Bg5 b5 9. Bc2 h6 10. Bh4 d6 11. h3 g5 12. Bg3 g4 13. hxg4 Bxg4 14. Qd3 Nh5 15. Bh4 f6 16. Nbd2 Qg7 17. g3 Ne7 18. a4 Bd7 19. axb5 Nf4 20. Qe3 Neg6 21. Rfe1 Nxh4 22. Nxh4 Qg4 23. Bd1 Qg5 24. Ndf3 Nh3+ 25. Kg2 Nf4+ 26. Kh2 Qh5 27. Nxe5 Qxe5 28. dxe5 Bxe3 29. Rxe3 Nh3 30. Bh5+ Kd8 31. exd6 cxd6 32. f4 Nf2 33. Kg2 Ng4 34. Bxg4 Bxg4 35. Rd3 Kc7 36. bxa6 1-0

[Event "Skopje Karposh op"]
[Site "Skopje"]
[Date "2014.04.01"]
[Round "5"]
[White "Tesik, Csaba"]
[Black "Alishani, Ibrahim"]
[Result "1-0"]
[WhiteElo "2344"]
[BlackElo "2110"]
[PlyCount "84"]
[EventDate "2014.03.29"]
[EventType "swiss"]
[EventRounds "9"]
[EventCountry "MKD"]
[SourceTitle "CBM 159 Extra"]
[Source "ChessBase"]
[SourceDate "2014.04.24"]
[SourceVersion "1"]
[SourceVersionDate "2014.04.24"]
[SourceQuality "1"]

1. e4 c5 2. Nf3 d6 3. d4 cxd4 4. Nxd4 Nf6 5. Nc3 a6 6. Bg5 e6 7. f4 Be7 8. Qf3 Qc7 9. 0-0-0 0-0 10. Bd3 Nbd7 11. g4 b5 12. Bh4 b4 13. Nce2 Nc5 14. g5 Nxd3+ 15. Qxd3 Nd7 16. f5 Nc5 17. Qe3 e5 18. Nb3 Re8 19. Kb1 Bb7 20. f6 Bf8 21. fxg7 Bxg7 22. Ng3 Rac8 23. Rd2 a5 24. Rhd1 Ne6 25. Nh5 a4 26. Nc1 Qc4 27. Re1 a3 28. Nf6+ Bxf6 29. gxf6 axb2 30. Nb3 Kh8 31. Na5 Qc7 32. Nxb7 Qxb7 33. Rg1 Rg8 34. Rxg8+ Rxg8 35. Rxd6 Nd4 36. Bg3 Nxc2 37. Qd3 Na3+ 38. Kxb2 Qc7 39. Kb3 Rc8 40. Rd7 Qb6 41. Bxe5 Nb5 42. Rxf7 Qa5 1-0

[Event "Kukes op"]
[Site "Kukes"]
[Date "2013.06.04"]
[Round "5"]
[White "Sahitaj, Naim"]
[Black "Alishani, Ibrahim"]
[Result "1-0"]
[WhiteElo "2193"]
[BlackElo "2138"]
[PlyCount "105"]
[EventDate "2013.06.01"]
[EventType "swiss"]
[EventRounds "9"]
[EventCountry "ALB"]
[SourceTitle "CBM 154 Extra"]
[Source "ChessBase"]
[SourceDate "2013.06.25"]
[SourceVersion "2"]
[SourceVersionDate "2013.06.25"]
[SourceQuality "1"]

1. d4 Nf6 2. c4 e6 3. Nf3 Be7 4. Nc3 d5 5. e3 0-0 6. Bd3 dxc4 7. Bxc4 b6 8. 0-0 Bb7 9. a3 Nbd7 10. b4 Ne4 11. Bb2 Nxc3 12. Bxc3 Nf6 13. Ne5 Nd5 14. Bb2 Bd6 15. Nf3 Nf6 16. Re1 Re8 17. Bb5 Rf8 18. Bd3 a5 19. b5 Ne4 20. Qc2 f5 21. Ne5 Qh4 22. g3 Qh6 23. Nc6 Ng5 24. Be2 Nh3+ 25. Kg2 Nxf2 26. Rf1 Qh3+ 27. Kxf2 Qxh2+ 28. Ke1 Qxg3+ 29. Kd2 f4 30. Qe4 Bxc6 31. bxc6 Rae8 32. Rg1 Qxe3+ 33. Qxe3 fxe3+ 34. Kxe3 e5 35. Kd3 exd4 36. Bxd4 Be5 37. Bg4 Bxd4 38. Kxd4 Rf4+ 39. Kd5 h5 40. Be6+ Kh7 41. Raf1 Ref8 42. Rxf4 Rxf4 43. Ke5 Rf3 44. Bf5+ Kg8 45. Rd1 Re3+ 46. Kf4 Re7 47. Bg6 Rf7+ 48. Bxf7+ Kxf7 49. Kg5 Ke6 50. Rd7 b5 51. Rxc7 Kd6 52. Ra7 Kxc6 53. Rxa5 1-0

[Event "Kukes op"]
[Site "Kukes"]
[Date "2013.06.02"]
[Round "3"]
[White "Saraci, Nderim"]
[Black "Alishani, Ibrahim"]
[Result "1-0"]
[WhiteElo "1872"]
[BlackElo "2138"]
[PlyCount "93"]
[EventDate "2013.06.01"]
[EventType "swiss"]
[EventRounds "9"]
[EventCountry "ALB"]
[SourceTitle "CBM 154 Extra"]
[Source "ChessBase"]
[SourceDate "2013.06.25"]
[SourceVersion "2"]
[SourceVersionDate "2013.06.25"]
[SourceQuality "1"]

1. e4 c5 2. Nf3 d6 3. Bb5+ Nc6 4. 0-0 Bd7 5. c4 g6 6. d4 cxd4 7. Nxd4 Bg7 8. Be3 Nf6 9. Nc3 0-0 10. f3 Qc7 11. Rc1 a6 12. Bxc6 bxc6 13. Qd2 c5 14. Nde2 Bc6 15. Nf4 Qb7 16. Nd3 Nd7 17. Rfe1 Ne5 18. Nxe5 Bxe5 19. Rc2 f5 20. Bh6 Rf7 21. exf5 Rxf5 22. f4 Bd4+ 23. Kh1 Rh5 24. Bg5 Qd7 25. Nd5 Bxd5 26. cxd5 Re8 27. Qd3 Bf6 28. g4 Rxg5 29. fxg5 Bxg5 30. Re6 Kg7 31. Rf2 Rf8 32. Rxf8 Kxf8 33. Qxa6 Kg7 34. Qc4 Qd8 35. Re2 Qf8 36. Kg2 Qc8 37. Qe4 Qa6 38. b3 Bf6 39. Rf2 Qb7 40. Qe6 h6 41. h4 Qb4 42. h5 Qd4 43. hxg6 Kxg6 44. Rxf6+ Qxf6 45. Qg8+ Qg7 46. Qxg7+ Kxg7 47. a4 1-0

[Event "Skopje op 19th"]
[Site "Skopje"]
[Date "2011.10.25"]
[Round "2"]
[White "Alishani, Ibrahim"]
[Black "Pancevski, Filip"]
[Result "0-1"]
[WhiteElo "2180"]
[BlackElo "2441"]
[PlyCount "92"]
[EventDate "2011.10.24"]
[EventType "swiss"]
[EventRounds "9"]
[EventCountry "MKD"]
[SourceTitle "EXT 2012"]
[Source "ChessBase"]
[SourceDate "2011.11.24"]
[SourceVersion "1"]
[SourceVersionDate "2011.11.24"]
[SourceQuality "1"]

1. d4 g6 2. Nf3 Bg7 3. c4 d6 4. Nc3 Nf6 5. Bg5 0-0 6. e3 Nbd7 7. Be2 c6 8. 0-0 Qc7 9. Qc2 Re8 10. Rfd1 Nf8 11. Rac1 Bf5 12. Bd3 Bg4 13. Be2 e5 14. h3 Bf5 15. e4 exd4 16. Bxf6 Bxf6 17. Nd5 cxd5 18. exf5 Qe7 19. Bf1 Qe4 20. Bd3 Qf4 21. cxd5 Re7 22. fxg6 hxg6 23. Qd2 Qxd2 24. Rxd2 Nd7 25. Bf1 Ne5 26. Nxe5 dxe5 27. Rdc2 Rd8 28. Rc8 Red7 29. Rxd8+ Bxd8 30. Rc5 Bb6 31. Rc8+ Bd8 32. Bc4 Kg7 33. Kf1 f5 34. b3 a6 35. b4 Kf6 36. Ke2 e4 37. a3 Ke5 38. g3 d3+ 39. Kd2 Kd4 40. Bb3 b5 41. Rc6 f4 42. d6 fxg3 43. fxg3 e3+ 44. Ke1 e2 45. Kf2 Bg5 46. Be6 Bd2 0-1

[Event "Belgrade Trophy 21st"]
[Site "Obrenovac"]
[Date "2008.12.05"]
[Round "9"]
[White "Jovanovic, Zoran"]
[Black "Alishani, Ibrahim"]
[Result "1/2-1/2"]
[WhiteElo "2336"]
[BlackElo "2154"]
[PlyCount "52"]
[EventDate "2008.11.27"]
[EventType "swiss"]
[EventRounds "9"]
[EventCountry "YUG"]
[SourceTitle "CBM 127 Extra"]
[Source "ChessBase"]
[SourceDate "2009.01.08"]
[SourceVersion "2"]
[SourceVersionDate "2009.01.28"]
[SourceQuality "1"]

1. c4 c5 2. g3 Nf6 3. Bg2 d6 4. Nc3 e6 5. Nf3 Be7 6. d4 cxd4 7. Nxd4 a6 8. b3 0-0 9. 0-0 Qc7 10. Bb2 Nbd7 11. Rc1 Ne5 12. h3 Bd7 13. Kh2 Rac8 14. Qd2 Rfd8 15. f4 Nc6 16. e3 Qa5 17. a3 Qh5 18. Bf3 Qa5 19. g4 Qc7 20. g5 Ne8 21. h4 Qb8 22. Ne4 Nxd4 23. Qxd4 d5 24. cxd5 exd5 25. Rg1 Rxc1 26. Rxc1 Rc8 1/2-1/2

[Event "Belgrade Trophy 21st"]
[Site "Obrenovac"]
[Date "2008.12.04"]
[Round "8"]
[White "Alishani, Ibrahim"]
[Black "Ganaus, Hannes"]
[Result "1/2-1/2"]
[WhiteElo "2154"]
[BlackElo "2275"]
[PlyCount "111"]
[EventDate "2008.11.27"]
[EventType "swiss"]
[EventRounds "9"]
[EventCountry "YUG"]
[SourceTitle "CBM 127 Extra"]
[Source "ChessBase"]
[SourceDate "2009.01.08"]
[SourceVersion "2"]
[SourceVersionDate "2009.01.28"]
[SourceQuality "1"]

1. e4 c6 2. d4 d5 3. exd5 cxd5 4. Nf3 Nc6 5. c3 Qc7 6. Bd3 Bg4 7. Bg5 e6 8. Nbd2 Bd6 9. Qc2 Nge7 10. h3 Bh5 11. Bxe7 Bxe7 12. Bb5 0-0 13. Bxc6 bxc6 14. 0-0 c5 15. dxc5 Bxc5 16. Qd3 Rab8 17. b4 Be7 18. Rac1 Rfc8 19. a3 Qf4 20. Qe3 Bd6 21. Rfe1 Bxf3 22. Nxf3 Rc7 23. Qd3 Rbc8 24. g3 Qc4 25. Qd1 Qa6 26. Qb3 Qc4 27. Qa4 h6 28. Kg2 a6 29. Re3 Qc6 30. Qb3 d4 31. Rd3 dxc3 32. Rdxc3 Qb6 33. Rxc7 Rxc7 34. Rc3 Rb7 35. Qc2 Rc7 36. Rxc7 Bxc7 37. Qc4 Qb7 38. Qe2 Bd6 39. Qd3 Qc6 40. Kh2 Kf8 41. Nd2 Ke7 42. Nc4 Qd5 43. Qe2 Bc7 44. Ne3 Qc6 45. Nf5+ Kf8 46. Nd4 Qd5 47. Nc2 Qc6 48. Nd4 Qd5 49. Nc2 Ke7 50. Ne3 Qc6 51. Nf5+ Kf6 52. Nd4 Qd5 53. Nc2 g6 54. Ne3 Qb5 55. Ng4+ Ke7 56. Qb2 1/2-1/2

[Event "Belgrade Trophy 21st"]
[Site "Obrenovac"]
[Date "2008.11.27"]
[Round "1"]
[White "Alishani, Ibrahim"]
[Black "Blagojevic, Bogdan"]
[Result "1-0"]
[WhiteElo "2154"]
[BlackElo "1761"]
[PlyCount "67"]
[EventDate "2008.11.27"]
[EventType "swiss"]
[EventRounds "9"]
[EventCountry "YUG"]
[SourceTitle "CBM 127 Extra"]
[Source "ChessBase"]
[SourceDate "2009.01.08"]
[SourceVersion "2"]
[SourceVersionDate "2009.01.28"]
[SourceQuality "1"]

1. e4 c5 2. Nf3 d6 3. Bc4 e6 4. c3 Nc6 5. 0-0 Nf6 6. Re1 Ne5 7. Bf1 Bd7 8. d4 Nxf3+ 9. Qxf3 e5 10. Bg5 Be7 11. Nd2 b5 12. h3 Qb6 13. Rad1 cxd4 14. cxd4 h6 15. Bh4 g5 16. Bg3 g4 17. Qb3 gxh3 18. dxe5 Nh5 19. exd6 Bxd6 20. e5 Be7 21. Qf3 Nxg3 22. Qxa8+ Bd8 23. Ne4 Nxe4 24. Rxe4 0-0 25. Rxd7 Bh4 26. Rg4+ Bg5 27. Qxa7 Qg6 28. gxh3 h5 29. Rg2 Kh8 30. h4 Qe4 31. hxg5 Rc8 32. Rxf7 h4 33. g6 h3 34. Rh7+ 1-0

[Event "SRB-chT3 South"]
[Site "Serbia"]
[Date "2006.10.08"]
[Round "5.1"]
[White "Ristic, Nebojsa M"]
[Black "Alishani, Ibrahim"]
[Result "1-0"]
[WhiteElo "2263"]
[BlackElo "2169"]
[PlyCount "99"]
[EventDate "2006.09.10"]
[EventType "team"]
[EventRounds "11"]
[EventCountry "SRB"]
[SourceTitle "EXT 2012"]
[Source "ChessBase"]
[SourceDate "2011.11.24"]
[SourceVersion "1"]
[SourceVersionDate "2011.11.24"]
[SourceQuality "1"]

1. d4 d5 2. c4 Nf6 3. Nf3 Bf5 4. Nc3 e6 5. Bg5 Be7 6. Bxf6 Bxf6 7. cxd5 0-0 8. dxe6 Bxe6 9. e3 c5 10. Be2 Nc6 11. dxc5 Bxc3+ 12. bxc3 Qa5 13. 0-0 Qxc3 14. Qc1 Qf6 15. Qa3 Bd5 16. Qa4 Rfc8 17. Qh4 Qf5 18. Rfd1 Bxf3 19. Bxf3 Qxc5 20. Rac1 Qa3 21. Rxc6 bxc6 22. Bxc6 g6 23. Bxa8 Rxa8 24. Rd8+ Rxd8 25. Qxd8+ Kg7 26. Qd2 h5 27. h4 Qe7 28. Qd4+ Kg8 29. g3 Qa3 30. Qd5 Kg7 31. e4 a6 32. e5 Qb4 33. Kg2 a5 34. Qf3 Qe1 35. Qe3 Qb4 36. a3 Qb7+ 37. Qf3 Qe7 38. Qc3 a4 39. Qd4 Qe8 40. e6+ Kg8 41. e7 Qxe7 42. Qxa4 Qb7+ 43. Kh2 Qf3 44. Qa7 f5 45. a4 g5 46. Qe3 Qd5 47. Qxg5+ Kf8 48. Qxh5 Qe4 49. Qh6+ Kf7 50. Qf4 1-0

[Event "SRB-chT3 South"]
[Site "Serbia"]
[Date "2006.??.??"]
[Round "3"]
[White "Alishani, Ibrahim"]
[Black "Grkovic, Vladan"]
[Result "0-1"]
[WhiteElo "2169"]
[BlackElo "2170"]
[PlyCount "107"]
[EventDate "2006.09.10"]
[EventType "team"]
[EventRounds "11"]
[EventCountry "SRB"]
[SourceTitle "EXT 2012"]
[Source "ChessBase"]
[SourceDate "2011.11.24"]
[SourceVersion "1"]
[SourceVersionDate "2011.11.24"]
[SourceQuality "1"]

1. d4 c5 2. Nf3 Nf6 3. c3 e6 4. Bg5 d5 5. e3 Nc6 6. Bb5 Qb6 7. Qe2 Bd7 8. 0-0 a6 9. Ba4 Ne4 10. Bf4 Be7 11. Qc2 Rc8 12. Nbd2 Nf6 13. Bxc6 Bxc6 14. h3 0-0 15. Rac1 Bb5 16. Rfe1 Rfd8 17. Be5 a5 18. dxc5 Qa6 19. b4 b6 20. a4 Bd3 21. Qb3 bxc5 22. b5 c4 23. Qb2 Qb7 24. Nd4 Nd7 25. Bg3 e5 26. N4f3 f6 27. Qa2 Kh8 28. Nf1 Nc5 29. N1d2 Bd6 30. Rcd1 Ne4 31. Nxe4 dxe4 32. Nd2 f5 33. Nf1 f4 34. exf4 exf4 35. Bh2 Rf8 36. Nd2 Bc5 37. Nf1 Qb6 38. Qb2 Rce8 39. Qa2 e3 40. fxe3 fxe3 41. Nxe3 Rxe3 42. Kh1 Qb7 43. Rxe3 Bxe3 44. Re1 Bc5 45. Qd2 h6 46. Be5 Kh7 47. Bd4 Bxd4 48. cxd4 Qd5 49. Qxa5 Rf2 50. Rg1 Qd7 51. b6 Be4 52. Qe1 Rb2 53. a5 c3 54. a6 0-1